The Soviet naval threat to Europe : (Record no. 59215)
[ view plain ]
| 000 -LEADER | |
|---|---|
| fixed length control field | 01097nam a2200301 a 4500 |
| 001 - CONTROL NUMBER | |
| control field | 59215 |
| 003 - CONTROL NUMBER IDENTIFIER | |
| rucl marc code | BD-RjUL |
| 005 - DATE AND TIME OF LATEST TRANSACTION | |
| control field | 20211209080715.0 |
| 008 - FIXED-LENGTH DATA ELEMENTS--GENERAL INFORMATION | |
| fixed length control field | 161222s1989 coua 001 0 eng |
| 020 ## - INTERNATIONAL STANDARD BOOK NUMBER | |
| International Standard Book Number | 0813376645 |
| 035 ## - SYSTEM CONTROL NUMBER | |
| System control number | (BD-RjUL)59339 |
| 040 ## - CATALOGING SOURCE | |
| Original cataloging agency | LC |
| Language of cataloging | eng |
| Transcribing agency | LC |
| Modifying agency | SSL |
| -- | BD-RjUL |
| 041 ## - LANGUAGE CODE | |
| Language code of text/sound track or separate title | eng |
| 082 04 - DEWEY DECIMAL CLASSIFICATION NUMBER | |
| Edition number | 23 |
| Classification number | 359.030947 |
| Author mark and year | SOV 1989 |
| 245 04 - TITLE STATEMENT | |
| Title | The Soviet naval threat to Europe : |
| Remainder of title | military and political dimensions / |
| Statement of responsibility, etc. | edited by Bruce W. Watson and Susan M. Watson. |
| 260 ## - PUBLICATION, DISTRIBUTION, ETC. (IMPRINT) | |
| Place of publication, distribution, etc. | Boulder ; |
| -- | London : |
| Name of publisher, distributor, etc. | Westview Press, |
| Date of publication, distribution, etc. | c1989. |
| 300 ## - PHYSICAL DESCRIPTION | |
| Pagination | xix, 383 p. : |
| Illustrations | ill. ; |
| Size | 23 cm. |
| 500 ## - GENERAL NOTE | |
| General note | Includes index. |
| 610 10 - SUBJECT ADDED ENTRY--CORPORATE NAME | |
| Corporate name or jurisdiction name as entry element | Soviet Union. |
| Subordinate unit | Voenno-Morskoi Flot. |
| 650 #0 - SUBJECT ADDED ENTRY--TOPICAL TERM | |
| Topical term or geographic name as entry element | Sea-power |
| Geographic subdivision | Soviet Union. |
| 9 (RLIN) | 176125 |
| 651 #0 - SUBJECT ADDED ENTRY--GEOGRAPHIC NAME | |
| Geographic name | Soviet Union |
| General subdivision | Military relations |
| Geographic subdivision | Europe. |
| 9 (RLIN) | 176126 |
| Geographic name | Europe |
| General subdivision | Military relations |
| Geographic subdivision | Soviet Union. |
| 9 (RLIN) | 176127 |
| Geographic name | Europe |
| General subdivision | Defenses. |
| 9 (RLIN) | 176128 |
| 700 1# - ADDED ENTRY--PERSONAL NAME | |
| Personal name | Watson, Bruce W. |
| Personal name | Watson, Susan M., |
| Dates associated with a name | 1943- |
| 942 ## - ADDED ENTRY ELEMENTS (KOHA) | |
| Source of classification or shelving scheme | Dewey Decimal Classification |
| Koha item type | Books |
| Lost status | Source of classification or shelving scheme | Damaged status | Not for loan | Collection code | Permanent Location | Current Location | Shelving location | Date acquired | Total Checkouts | Full call number | Date last seen | Copy number | Koha item type |
|---|---|---|---|---|---|---|---|---|---|---|---|---|---|
| Dewey Decimal Classification | Not For Loan | Non-fiction | Central Library, University of Rajshahi | Central Library, University of Rajshahi | Reading Room | 03/02/1993 | 359.030947 SOV 1989 | 22/12/2016 | C-1 | Books |